000 01636nam0 2200409 ib4500
001 BY-MI0006-br8926659
005 20260320095233.0
010 ^d2р.
100 ^a20260319d1991 c y0rusy50 ca
101 0 ^arus
102 ^aLT
105 ^aa z 000gy
109 ^ama
181 0 ^ai2
181 0 ^ab2
^b b2
182 0 ^an
200 1 ^aБасни
^fИ. А. Крылов
^g[художник В. Литвин]
203 ^aТекст
^aИзображение
^bнеподвижное
^bдвухмерное
^cнепосредственные
210 ^aВильнюс
^cМИША
^d1991
215 ^a20 с., включая обложку
^cцв. ил.
^d29 см
333 ^a150 000 экз.
606 0 ^aБАСНИ
^3BY-NLB-ar2685086
^2DVNLB
606 0 ^aРУССКАЯ ЛИТЕРАТУРА
^3BY-NLB-ar28702
^2DVNLB
606 0 ^aДЕТСКАЯ И ЮНОШЕСКАЯ ЛИТЕРАТУРА
^3BY-NLB-ar2691728
^2DVNLB
608 ^aДЕТСКАЯ И ЮНОШЕСКАЯ ЛИТЕРАТУРА (художеств. произведение)
^3BY-NLB-ar9019
^2BYGNR
608 ^aБАСНЯ
^3BY-NLB-ar2157876
^2BYGNR
615 ^aБелорусский национальный документ
^3BY-SEK-ar1826174
686 ^a84
^2rubbk
690 ^a1
^2Base
^9BY-MI0006
^xRSEK
700 1 ^aКрылов
^bИ. А.
^gИван Андреевич
^cписатель
^f1769—1844
^3BY-NLB-ar95768
702 1 ^aЛитвин
^bЕ.
^4040
801 0 ^aBY
^bBY-MI0006
^c20260319
^gRCR
035 ^a(BY-MI0006)BY-MI0006-br8926659
899 0 ^aBY-MI0006
^iК85
^h84